000 00982nam a2200289 i 4500
001 bg
245 0 0 _aSłownik naukowo-techniczny polsko-niemiecki /
_cred. Małgorzata Sokołowska, Anna Bender, Krzysztof Żak.
246 1 5 _iTyt. równol. :
_aPolnisch-deutsches wissenschaftlich-technisches Wörterbuch
250 _aWyd. 14, dodr.
260 _aWarszawa :
_bWydawnictwa Naukowo-Techniczne,
_c2007.
300 _a[X], 1354 s. ;
_c25 cm.
650 9 _aTechnika
_xterminologia
655 _aSłowniki polsko-niemieckie
700 1 _aSokołowska, Małgorzata.
_eRed.
700 1 _aBender, Anna.
_eRed.
700 1 _aŻak, Krzysztof.
_eRed.
015 _aPB 2525/2007
020 _a9788320431186
040 _cBPK
041 0 _apol
_ager
044 _aPOL
080 _a62(038)=162.1=112.2
920 _a978-83-204-3118-6
942 _cKS
008 070126s2006 pl d |000 0 pol
999 _c54717
_d54717
856 _uhttp://koha.tu.koszalin.pl/cgi-bin/koha/opac-detail.pl?biblionumber=54717
_yKatalog online BPK